Selection of consultants / (Record no. 344977)

000 -LEADER
fixed length control field 00558 a2200169 4500
020 ## - INTERNATIONAL STANDARD BOOK NUMBER
International Standard Book Number 082134255X
020 ## - INTERNATIONAL STANDARD BOOK NUMBER
International Standard Book Number 9780821342558
090 ## - LOCALLY ASSIGNED LC-TYPE CALL NUMBER (OCLC); LOCAL CALL NUMBER (RLIN)
-- 2480
-- 2480
100 1# - MAIN ENTRY--PERSONAL NAME
Personal name Bank, The World.
245 10 - TITLE STATEMENT
Title Selection of consultants /
Statement of responsibility, etc. The World Bank.
260 ## - PUBLICATION, DISTRIBUTION, ETC.
Place of publication, distribution, etc. [S.l.] :
Name of publisher, distributor, etc. World Bank,
Date of publication, distribution, etc. 1998.
300 ## - PHYSICAL DESCRIPTION
Extent 178 p.
500 ## - GENERAL NOTE
General note Paperback.
856 40 - ELECTRONIC LOCATION AND ACCESS
Materials specified Amazon.com
Uniform Resource Identifier <a href="http://www.amazon.com/exec/obidos/ASIN/082134255X/chopaconline-20">http://www.amazon.com/exec/obidos/ASIN/082134255X/chopaconline-20</a>
856 40 - ELECTRONIC LOCATION AND ACCESS
Materials specified Amazon customer reviews
Uniform Resource Identifier <a href="http://www.chopac.org/cgi-bin/tools/azrev.pl?q=082134255X">http://www.chopac.org/cgi-bin/tools/azrev.pl?q=082134255X</a>
942 ## - ADDED ENTRY ELEMENTS (KOHA)
Institution code [OBSOLETE] NBS
Koha item type Book
Call number prefix 658.46 SEL
Holdings
Withdrawn status Lost status Damaged status Not for loan Permanent Location Current Location Date acquired Total Checkouts Full call number Barcode Date last seen Price effective from Koha item type
        Central Library (CL) Central Library (CL) 08/28/2013   658.46 SEL NBS440 08/28/2013 08/28/2013 Book
© 2023 Central Library, National University of Sciences and Technology. All Rights Reserved.